000 01867nam a2200277 i 4500
003 DO-SdBNP
005 20230710140716.0
006 a||||fr|||| 00| 0
007 ta
008 230707e1974 dr ||||| |||| 00| 0 spa d
040 _aDO-SdBNP
_bspa
_cBNPHU
_erda
082 4 _222
_bE19p 1975
245 0 0 _aEconomía, política e investigación social. /
_crecopilación Luis Gómez.
250 _a2da. edición
264 1 _aSanto Domingo :
_bAlfa y Omega,
_c1975
300 _a216 páginas :
_bIlustraciones, gráficas ;
_c21 cm
336 _2rdacanten
_atexto
_btxt
337 _2rdamedia
_asin medición
_bn
338 _2rdacarrier
_avolumen
_bnc
500 _aIncluye bibliografía y notas al pie de páginas.
504 _aBibliografía: páginas 209 -213
505 _aDedicatoria.-- Epígrafe.-- Relaciones de Producción.-- En la sociedad dominicana.
_tI. Sector Industrial.--
_tII. Sector Agropecuario.--
_tIII. Sobre la Tercera Sección.--
_gLas Categoría Universales y la Investigación Social.
_tII El Nexo.-- III Metodología Universal.-- IV Práctica Unitaria.-- V Conclusiones.--
_gPrecisiones sobre el Método Dialectico.
_tI Unilateralidad.-- II Incomprensión del método Ascensional.-- III Desnaturalización.-- IV Ambigüedad.
_gLa Investigación Rural en República Dominicana.
_tI Documentación.-- II Elecciones de un método.-- III Una coyuntura Potencial.--
_gUn Desarrollo sin Desarrollo.
_tLa Metodología Desarrollista.-- II Las Tesis Desarrollista.-- III Bases para una Táctica Antidesarrollista en República Dominicana.-- IV Conclusiones.--
_gBases para el Análisis Político Coyuntural.
_tI Enfoque Global.-- II La Formación Social Dominicana.-- III La Coyuntura Electoral.--
_gÍndice de Cuadros.--Bibliografía Consultada.-- Índice Genral.
590 _aInventariado 2023 / MF
700 1 _aGómez, Luis,
_ecomp.
_99238
942 _2ddc
_cLBS1
999 _c54134
_d54134